Historia de la madre de Dios : por las tradiciones de oriente, los escritos de los santos padres y las costumbres de los hebreos /

Narración de la vida de la Virgen María desde su nacimiento hasta su muerte.

Guardado en:
Bibliografiske detaljer
Hovedforfatter: Orsini, Mathieu (autor)
Format: Bog
Sprog:spansk
Udgivet: Buenos Aires, Argentina : Santa Catalina, 1944, c1944
Fag:
Tags: Tilføj Tag
Ingen Tags, Vær først til at tagge denne postø!

MARC

LEADER 00000nam^a2200000^a^4500
001 000111720
005 20250521000000.0
009 20260310093841.112
037 |a Acervo ITESO - Biblioteca 
041 |a ESP 
082 |a 232. 91  |b ORS 
100 |a Orsini, Mathieu  |e (autor) 
245 1 0 |a Historia de la madre de Dios : por las tradiciones de oriente, los escritos de los santos padres y las costumbres de los hebreos /  |c M. Orsini ; tr. por Ramón Muns y Seriñá. 
264 4 |a Buenos Aires, Argentina :  |b Santa Catalina,  |c 1944, c1944 
300 |a 374 p. 
336 |a texto  |b txt  |2 rdacontenido 
337 |a sin mediación  |b n  |2 rdamedio 
338 |a volumen  |b nc  |2 rdasoporte 
520 |a Narración de la vida de la Virgen María desde su nacimiento hasta su muerte. 
590 |a Traducción de la 3a edición en francés 
649 |a XX 
650 |a Virgen María -  |x Biografías 
650 |a Visitación de la Virgen 
650 |a Virgen María -  |x Maternidad (Espiritual) 
650 |a Virgen María -  |x Asunción 
650 |a Virgen de la Inmaculada Concepción 
650 |a Catolicismo -  |x Historia 
650 |a Cristianismo -  |x Historia 
650 |a Religión -  |x Historia 
650 |a Historia Antigua 
910 |a Fondo Salvador Reynoso Reynoso 
920 |a Impresos - Libros 
930 |a Fondos Especiales 
905 |a 112 
901 |a 0800000941  |b IT2  |c ESP  |u 20250521 
902 |a https://opac.biblio.iteso.mx/vufind/Record/000111720